| 000 | 00483nam a22001697a 4500 | ||
|---|---|---|---|
| 008 | 240520b |||||||| |||| 00| 0 eng d | ||
| 020 | _a9789966794215 | ||
| 020 | _a9966794212 | ||
| 050 |
_aPL8704 _b.M34 2021 |
||
| 100 | _aMberia Wa Kithaka | ||
| 245 |
_aKwenzi Gizani / _cKithaka wa Mberia |
||
| 260 |
_aNRB.,Kenya : _bMariba _c2021 |
||
| 300 |
_aiv,124p. ; _c20cm |
||
| 546 | _aSwahili | ||
| 650 |
_aFasihi _xShairi |
||
| 942 |
_2lcc _hPL8704 .M34 2021 _cAFRICANA |
||
| 999 |
_c32015 _d32015 |
||